Anime po głównym bohaterze - Statystyki

Ogólne statystyki
  • Ten quiz został rozwiązany 2 891 razy
  • Średni wynik to 15 z 27
Statystyki odpowiedzi
Postać Anime % Poprawnych
Goku Dragonball
92%
Luffy One Piece
90%
Light Yagami Death Note
86%
Eren Attack on titan
84%
Saitama One Punch Man
82%
Pico Boku no pico
73%
Ichigo Bleach
72%
Gon HunterxHunter
72%
Midorya Boku no Hero Academia
67%
Meliodas Seven Deadly Sins
67%
Kirito Sword Art Online
67%
Akame Akame ga Kill
60%
Asta Black Clover
60%
Subaru Re:zero
58%
Hinata Haikyuu
52%
Lelouch vi Britannia Code Geass
49%
Koro-Sensei Assassination Classroom
48%
Gintoki Sakata Gintama
46%
Yato Noragami
43%
Alucard Hellsing
42%
Kuroko Tetsuya Kuroko no Basket
38%
Saber Fate
36%
Rin Okimura Ao no Exorcist
34%
Spike Spiegel Cowboy Bebop
24%
Black Star Soul Eater
23%
Takumi Fujiwara Initial D
16%
Maou Sadao Hataraku Maou-Sama
11%
Nie znaleziono quizów pasujących do podanych kryteriów
Rozkład punktacji
Procent ludzi z każdym wynikiem
Percentyl według liczby udzielonych odpowiedzi
Twoja historia wyników
Nie rozwiązałeś tego quizu